00485nam a2200145 i 450000100060000000300090000600700030001500800410001810000300005924501320008926000410022130000200026270000310028285200260031320447ES-MaACLt|021112m19121916sp ||||1| spa d1 aAguilera de Paz, Enrique.10aComentarios a la Ley de enjuiciamiento criminal / cpor Enrique Aguilera de Paz ; con un prólogo de Trinitario Ruiz Valarino. aMadrid : bHijos de Reus, c1912-16. a6 v. ; c22 cm.1 aRuiz Valarino, Trinitario. aES-MaACLjB-3561-3566